[Event "23rd EUR-ch"]
[Site "Vrnjacka Banja SRB"]
[Date "2023.03.04"]
[Round "2.204"]
[White "Stojanovic, Andjelija"]
[Black "Bozanic, Jovan"]
[Result "1/2-1/2"]
[WhiteElo "2262"]
[BlackElo "1934"]
[EventDate "2023.03.03"]
[PlyCount "124"]

1.Nf3 Nf6 2.c4 g6 3.b3 Bg7 4.Bb2 O-O 5.g3 d6 6.d4 Nbd7 7.Bg2 Re8 8.O-O c6 
9.Nc3 e5 10.dxe5 Nxe5 11.Qd2 Qe7 12.Rad1 Nxf3+ 13.exf3 d5 14.cxd5 Nxd5 15.
Nxd5 cxd5 16.Bxg7 Kxg7 17.Qxd5 Be6 18.Qd4+ Qf6 19.f4 Qxd4 20.Rxd4 Re7 21.
h3 Rc8 22.Rd2 b6 23.g4 Rc5 24.Re1 Rec7 25.Bf3 a5 26.Kg2 b5 27.Re5 b4 28.
Bd5 Bxd5+ 29.Rdxd5 Rc2 30.Rxa5 Rd7 31.Red5 Re7 32.Re5 Rd7 33.Re3 Rdd2 34.
Rf3 Rxa2 35.Rb5 Rd4 36.f5 g5 37.f6+ Kg6 38.Rb8 Ra1 39.Rg8+ Kh6 40.Rf5 Ra2 
41.Rb8 Rb2 42.Rbb5 Rd3 43.Rb7 Kg6 44.Rb8 Rd4 45.Rf3 Rc2 46.Rf5 Kh6 47.Rbb5
Ra2 48.Kg3 Rb2 49.Rxg5 Rxb3+ 50.Kg2 Rbd3 51.Rg7 Rd5 52.Rxb4 Rg3+ 53.Kxg3 
Rd3+ 54.Kg2 Rg3+ 55.Kf1 Rg1+ 56.Ke2 Re1+ 57.Kd3 Re3+ 58.Kd4 Rd3+ 59.Ke5 
Rd5+ 60.Kf4 Rd4+ 61.Kg3 Rd3+ 62.Kg2 Rg3+ 1/2-1/2

[Event "23rd EUR-ch"]
[Site "Vrnjacka Banja SRB"]
[Date "2023.03.04"]
[Round "2.205"]
[White "Vasilkov, Nikolai"]
[Black "Taspinar, Yanki"]
[Result "0-1"]
[WhiteElo "1931"]
[BlackElo "2262"]
[EventDate "2023.03.03"]
[PlyCount "140"]

1.e4 e5 2.Nf3 Nc6 3.Bb5 g6 4.O-O Bg7 5.c3 a6 6.Ba4 d6 7.d4 Bd7 8.Re1 Nf6 
9.Nbd2 O-O 10.Nf1 exd4 11.cxd4 b5 12.Bb3 Bg4 13.Ng3 Bxf3 14.gxf3 Na5 15.
Bc2 c5 16.dxc5 dxc5 17.e5 Nd7 18.f4 Qc7 19.Qg4 f5 20.Qf3 Rfd8 21.Be3 Nf8 
22.Rac1 c4 23.Rcd1 Nc6 24.Ne2 Ne6 25.Nc3 Kf7 26.Nd5 Qb7 27.Nb4 Na5 28.
Qxb7+ Nxb7 29.Nc6 Rxd1 30.Rxd1 Ke8 31.Nd4 Nxd4 32.Bxd4 Bf8 33.b3 c3 34.Rd3
b4 35.Rh3 Rd8 36.Be3 h5 37.Kf1 Bc5 38.Bc1 Bd4 39.Rg3 Kf7 40.Rd3 Nc5 41.Rd1
Ke7 42.Ke2 Ne6 43.h4 Bb6 44.Be3 Rxd1 45.Bxd1 Bd8 46.Kf3 a5 47.Bc2 Kd7 48.
Kg3 Nc7 49.Bd3 Kc6 50.Bc1 Be7 51.Be3 Bc5 52.Kf3 Nd5 53.Bc2 Nb6 54.Bd3 Nd5 
55.Bc2 Nc7 56.Bd3 Ne6 57.Bc2 Be7 58.Kg3 Nc7 59.Bb1 Nb5 60.Bd3 Bd8 61.Kh3 
Bb6 62.Kg3 Bxe3 63.fxe3 Na3 64.Kf3 c2 65.Bxc2 Nxc2 66.Ke2 Kd5 67.Kd3 Ne1+ 
68.Ke2 Ng2 69.Kf3 Nxh4+ 70.Kg3 g5 0-1

[Event "23rd EUR-ch"]
[Site "Vrnjacka Banja SRB"]
[Date "2023.03.04"]
[Round "2.206"]
[White "Parligras, Cosmin"]
[Black "Bozinovic, Boban"]
[Result "1/2-1/2"]
[WhiteElo "2260"]
[BlackElo "1931"]
[EventDate "2023.03.03"]
[PlyCount "46"]

1.e4 c5 2.c3 Nf6 3.e5 Nd5 4.d4 cxd4 5.cxd4 e6 6.Nf3 d6 7.Bc4 b6 8.O-O Bb7 
9.Qe2 Nd7 10.Re1 Be7 11.a3 Rc8 12.Bd3 dxe5 13.dxe5 Nf8 14.Bb5+ Nd7 15.Nbd2
O-O 16.Ne4 Qc7 17.Bxd7 Qxd7 18.Bg5 Bxg5 19.Nfxg5 h6 20.Nf3 Nf4 21.Qe3 Bxe4
22.Qxe4 Nd5 23.g3 Rc7 1/2-1/2

[Event "23rd EUR-ch"]
[Site "Vrnjacka Banja SRB"]
[Date "2023.03.04"]
[Round "2.207"]
[White "Alfirevic, Duje"]
[Black "Bouska, Jiri"]
[Result "1/2-1/2"]
[WhiteElo "1924"]
[BlackElo "2257"]
[EventDate "2023.03.03"]
[PlyCount "66"]

1.e4 c5 2.Nf3 Nc6 3.Bb5 g6 4.O-O Bg7 5.c3 Nf6 6.Re1 O-O 7.d4 d5 8.e5 Ne4 
9.Bxc6 bxc6 10.Be3 Qb6 11.Qc1 Rb8 12.b3 cxd4 13.cxd4 f6 14.exf6 exf6 15.
Nc3 Nxc3 16.Qxc3 Bg4 17.Bf4 Rbc8 18.Bd6 Rfe8 19.Bc5 Qc7 20.Rxe8+ Rxe8 21.
Re1 Rxe1+ 22.Nxe1 Bf5 23.Nc2 Qf4 24.Nb4 Qe4 25.h3 Bh6 26.Bd6 Bd7 27.Nxc6 
Qe6 28.Ne7+ Kf7 29.Qc7 Qe1+ 30.Kh2 Qxf2 31.Qxd7 Bf4+ 32.Bxf4 Qxf4+ 33.Kh1 
Qf1+ 1/2-1/2

[Event "23rd EUR-ch"]
[Site "Vrnjacka Banja SRB"]
[Date "2023.03.04"]
[Round "2.208"]
[White "Djuric, Stefan"]
[Black "Kochavi, Dana"]
[Result "0-1"]
[WhiteElo "2256"]
[BlackElo "1929"]
[EventDate "2023.03.03"]
[PlyCount "67"]

1.d4 Nf6 2.c4 e6 3.g3 d5 4.Bg2 dxc4 5.Qa4+ Nbd7 6.Nc3 Be7 7.Nf3 O-O 8.O-O 
a6 9.Qxc4 b5 10.Qb3 Bb7 11.Bg5 c5 12.Rad1 c4 13.Qc2 b4 14.Bxf6 Nxf6 15.Na4
Qa5 16.Ne5 Bxg2 17.Kxg2 Rfc8 18.b3 cxb3 19.Qxb3 Rc7 20.Rd3 Rac8 21.Rf3 Bf8
22.Rd1 Nd5 23.e4 Nc3 24.Nxf7 Rxf7 25.Qxe6 Rc7 26.Nxc3 bxc3 27.Rc1 Qh5 28.
g4 Qg5 29.Rcxc3 Re7 30.Qc8 h5 31.h3 hxg4 32.hxg4 Qg6 33.e5 Qe4 34.Re3 0-1

[Event "23rd EUR-ch"]
[Site "Vrnjacka Banja SRB"]
[Date "2023.03.04"]
[Round "2.209"]
[White "Selbes, Tarik"]
[Black "Tadic, Katarina"]
[Result "1-0"]
[WhiteElo "2255"]
[BlackElo "1919"]
[EventDate "2023.03.03"]
[PlyCount "63"]

1.e4 c5 2.Nc3 d6 3.f4 Nc6 4.Nf3 Bd7 5.Bc4 e6 6.O-O Na5 7.Be2 Be7 8.d4 cxd4
9.Nxd4 a6 10.Be3 Rc8 11.f5 e5 12.Ne6 Bxe6 13.fxe6 fxe6 14.Bh5+ g6 15.Bg4 
Qd7 16.Nd5 Nc4 17.Qf3 Nxe3 18.Qf7+ Kd8 19.Bxe6 Qb5 20.a4 Qe8 21.Qxe8+ Kxe8
22.Bxc8 Nxf1 23.Rxf1 a5 24.Bxb7 Nh6 25.Bc6+ Kd8 26.Rf3 Bg5 27.Rb3 Kc8 28.
Rb6 Bd8 29.Ra6 Bc7 30.Ra7 Bb8 31.Nb6+ Kd8 32.Rd7+ 1-0

[Event "23rd EUR-ch"]
[Site "Vrnjacka Banja SRB"]
[Date "2023.03.04"]
[Round "2.210"]
[White "Deveci, Huseyin Said"]
[Black "Toktomushev, Teimur"]
[Result "1/2-1/2"]
[WhiteElo "1913"]
[BlackElo "2255"]
[EventDate "2023.03.03"]
[PlyCount "95"]

1.e4 c5 2.Nc3 e6 3.Nf3 a6 4.Be2 Nc6 5.O-O Nf6 6.d4 cxd4 7.Nxd4 Qc7 8.Be3 
Be7 9.f4 d6 10.Bf3 O-O 11.Qe1 Nxd4 12.Bxd4 e5 13.fxe5 dxe5 14.Qg3 Bc5 15.
Bxc5 Qxc5+ 16.Kh1 Be6 17.Be2 Kh8 18.Qg5 h6 19.Qh4 Qe7 20.Qg3 Nd7 21.a3 
Rac8 22.Rad1 f6 23.Bg4 Rcd8 24.Nd5 Qf7 25.b4 Nb8 26.Bxe6 Qxe6 27.Qe3 Nc6 
28.c3 Qg4 29.h3 Qh5 30.g4 Qf7 31.Qc5 h5 32.Rf5 hxg4 33.hxg4 g6 34.Rff1 Qe6
35.Qg1 Kg7 36.Qg3 Ne7 37.Nxe7 Qxe7 38.Kg2 Qe6 39.Qf3 Rh8 40.Rd5 Rc8 41.
Rd7+ Kg8 42.Rfd1 Rh7 43.R7d6 Qa2+ 44.R1d2 Qb1 45.Rd8+ Rxd8 46.Rxd8+ Kg7 
47.Rd7+ Kg8 48.Rd8+ 1/2-1/2

[Event "23rd EUR-ch"]
[Site "Vrnjacka Banja SRB"]
[Date "2023.03.04"]
[Round "2.211"]
[White "Khandelwal, Ankush"]
[Black "Poupalos, Nikolaos"]
[Result "1/2-1/2"]
[WhiteElo "2255"]
[BlackElo "1906"]
[EventDate "2023.03.03"]
[PlyCount "60"]

1.e4 c5 2.Nf3 d6 3.d4 cxd4 4.Nxd4 Nf6 5.Nc3 a6 6.f3 e5 7.Nb3 Be6 8.Be3 h5 
9.Qd2 Nbd7 10.Nd5 Bxd5 11.exd5 g6 12.O-O-O Nb6 13.Kb1 Nfxd5 14.Bg5 Be7 15.
Bxe7 Qxe7 16.Qa5 Ne3 17.Qxb6 Nxd1 18.Bc4 Nxb2 19.Kxb2 Rc8 20.Bd5 Qc7 21.
Qxb7 Qc3+ 22.Ka3 O-O 23.Qxa6 Kg7 24.Rd1 Rb8 25.Be4 d5 26.Bxd5 Qxc2 27.Qd3 
Rfc8 28.Be4 Ra8+ 29.Bxa8 Rxa8+ 30.Kb4 Rb8+ 1/2-1/2

[Event "23rd EUR-ch"]
[Site "Vrnjacka Banja SRB"]
[Date "2023.03.04"]
[Round "2.212"]
[White "Senel, Hayri Beyhun"]
[Black "Petrovic, Aleksa"]
[Result "0-1"]
[WhiteElo "1904"]
[BlackElo "2254"]
[EventDate "2023.03.03"]
[PlyCount "39"]

1.d4 g6 2.Bf4 Bg7 3.e3 d6 4.Nf3 Bf5 5.c4 Nd7 6.h3 e5 7.Bh2 e4 8.Nfd2 Ndf6 
9.Nc3 Ne7 10.Rc1 O-O 11.Be2 c6 12.b4 b6 13.Nb3 a6 14.O-O g5 15.c5 bxc5 16.
dxc5 d5 17.Nd4 Bd7 18.a4 Bh6 19.b5 axb5 20.axb5 0-1

[Event "23rd EUR-ch"]
[Site "Vrnjacka Banja SRB"]
[Date "2023.03.04"]
[Round "2.213"]
[White "Garsky, Vladyslav"]
[Black "Hlebec, Darko"]
[Result "1-0"]
[WhiteElo "2253"]
[BlackElo "1900"]
[EventDate "2023.03.03"]
[PlyCount "85"]

1.e4 e5 2.Nf3 Nf6 3.d4 Nxe4 4.Bd3 d5 5.Nxe5 Nd7 6.Nxd7 Bxd7 7.O-O Bd6 8.
Nc3 Nxc3 9.bxc3 Be6 10.Rb1 Rb8 11.f4 f5 12.Qe2 Qf6 13.Ba6 b6 14.Bb5+ Kf7 
15.Bc6 a5 16.Qf3 Rbd8 17.Re1 g6 18.Bb2 Qh4 19.Bxd5 Rhe8 20.g3 Qf6 21.c4 
Bxd5 22.cxd5 Re7 23.c4 Rde8 24.Re5 Qg7 25.Rbe1 Bxe5 26.dxe5 Kg8 27.Qb3 g5 
28.e6 Qg6 29.Rf1 h5 30.fxg5 Qxg5 31.Qd3 Rf8 32.Ba3 Ree8 33.Bxf8 Rxf8 34.
Qd4 Kh7 35.Qe5 h4 36.Qxc7+ Kg6 37.Qf4 Qf6 38.Qxh4 Qb2 39.e7 Rh8 40.Re1 Re8
41.Re6+ Kf7 42.Qh5+ Kg7 43.Rg6+ 1-0

[Event "23rd EUR-ch"]
[Site "Vrnjacka Banja SRB"]
[Date "2023.03.04"]
[Round "2.214"]
[White "Todorovic, Bojan"]
[Black "Djordjevic, Nevena"]
[Result "1-0"]
[WhiteElo "2249"]
[BlackElo "1889"]
[EventDate "2023.03.03"]
[PlyCount "85"]

1.d4 Nf6 2.c4 e6 3.Nc3 Bb4 4.Qc2 Nc6 5.Nf3 d6 6.Bd2 O-O 7.a3 Bxc3 8.Bxc3 
a5 9.g3 a4 10.Bg2 Re8 11.O-O e5 12.Rad1 Qe7 13.d5 Nb8 14.c5 Nbd7 15.cxd6 
cxd6 16.Bb4 Nb6 17.e4 Bg4 18.Qd3 Rec8 19.Rc1 Bd7 20.Rfe1 Ne8 21.Bf1 Rxc1 
22.Rxc1 Rc8 23.Rxc8 Nxc8 24.Nd2 Qd8 25.Nb1 Qc7 26.Nc3 Na7 27.Qe3 b5 28.f4 
f6 29.Be2 Qb8 30.f5 Nc8 31.Kg2 Nc7 32.Ba5 Na6 33.g4 Nc5 34.g5 Nb3 35.Bd8 
Na7 36.Be7 Kf7 37.Bxd6 Qxd6 38.Qxa7 Kg8 39.Qa8+ Kf7 40.Qh8 fxg5 41.Bh5+ 
Kf6 42.Qd8+ Qe7 43.Qb6+ 1-0

[Event "23rd EUR-ch"]
[Site "Vrnjacka Banja SRB"]
[Date "2023.03.04"]
[Round "2.215"]
[White "Mitrovic, Vladan"]
[Black "Zadravec, Matija"]
[Result "0-1"]
[WhiteElo "1871"]
[BlackElo "2248"]
[EventDate "2023.03.03"]
[PlyCount "32"]

1.Nf3 c5 2.c4 Nc6 3.Nc3 g6 4.g3 Bg7 5.Bg2 e6 6.O-O Nge7 7.d3 O-O 8.Nh4 d5 
9.cxd5 exd5 10.e4 Be6 11.f4 dxe4 12.dxe4 Bc4 13.Qxd8 Raxd8 14.Rd1 Bd4+ 15.
Kh1 Bxc3 16.Rxd8 Rxd8 0-1

[Event "23rd EUR-ch"]
[Site "Vrnjacka Banja SRB"]
[Date "2023.03.04"]
[Round "2.216"]
[White "Dakic, Marta"]
[Black "Ravic, Nenad"]
[Result "0-1"]
[WhiteElo "1867"]
[BlackElo "2238"]
[EventDate "2023.03.03"]
[PlyCount "60"]

1.e4 c5 2.Nf3 d6 3.d4 cxd4 4.Nxd4 Nf6 5.Nc3 a6 6.f3 e6 7.Be3 Be7 8.Qd2 Nc6
9.O-O-O O-O 10.g4 Nxd4 11.Bxd4 b5 12.h4 Nd7 13.h5 b4 14.Na4 Qa5 15.b3 Nc5 
16.a3 Nxa4 17.axb4 Qc7 18.bxa4 e5 19.Be3 Rb8 20.a5 d5 21.b5 d4 22.Bf2 Ba3+
23.Kb1 Be6 24.h6 Rxb5+ 25.Bxb5 Rb8 26.Ka1 Rxb5 27.Bxd4 exd4 28.Qxd4 Bb2+ 
29.Qxb2 Qxa5+ 30.Kb1 Qa2+ 0-1

[Event "23rd EUR-ch"]
[Site "Vrnjacka Banja SRB"]
[Date "2023.03.04"]
[Round "2.217"]
[White "Nikolovski, David"]
[Black "Krzywda, Andrzej"]
[Result "0-1"]
[WhiteElo "1860"]
[BlackElo "2235"]
[EventDate "2023.03.03"]
[PlyCount "60"]

1.d4 d5 2.Nc3 Nf6 3.Bf4 c5 4.e3 cxd4 5.exd4 Bg4 6.f3 Bd7 7.Nb5 Bxb5 8.
Bxb5+ Nc6 9.c3 e6 10.Ne2 a6 11.Bd3 Bd6 12.Qd2 b5 13.Bxd6 Qxd6 14.Qg5 O-O 
15.Ng3 Rfe8 16.O-O b4 17.Nh5 Nxh5 18.Qxh5 g6 19.Qh6 bxc3 20.bxc3 Qa3 21.
Rfd1 e5 22.h4 Qe7 23.h5 Qh4 24.Rab1 exd4 25.Rb7 Ne5 26.Qd2 dxc3 27.Qxc3 
Nxf3+ 28.gxf3 Qg3+ 29.Kh1 Qxf3+ 30.Kh2 Qxh5+ 0-1

[Event "23rd EUR-ch"]
[Site "Vrnjacka Banja SRB"]
[Date "2023.03.04"]
[Round "2.218"]
[White "Miletic, Vuk"]
[Black "Labrovic, Jakov"]
[Result "1-0"]
[WhiteElo "2231"]
[BlackElo "1888"]
[EventDate "2023.03.03"]
[PlyCount "75"]

1.Nf3 d5 2.c4 c6 3.b3 Nf6 4.Bb2 dxc4 5.bxc4 Bg4 6.e3 Nbd7 7.Be2 Qc7 8.h3 
Bh5 9.d4 e6 10.Nc3 Be7 11.O-O h6 12.Rc1 O-O 13.Nd2 Bg6 14.Bf3 Qa5 15.Nb3 
Qg5 16.g3 Bf5 17.Bg2 Qg6 18.Ne2 Rfd8 19.g4 Bxg4 20.hxg4 Nxg4 21.Nf4 Qg5 
22.Nd2 Bd6 23.Qf3 f5 24.c5 Nxc5 25.Rxc5 Bxc5 26.Nxe6 Qh4 27.Qh3 Qxh3 28.
Bxh3 Bb4 29.Nxd8 Rxd8 30.Nc4 b5 31.Bxg4 fxg4 32.Ne5 Rd6 33.Rc1 Rf6 34.Rxc6
Rf5 35.d5 Rf8 36.d6 h5 37.d7 Rd8 38.Rc8 1-0

[Event "23rd EUR-ch"]
[Site "Vrnjacka Banja SRB"]
[Date "2023.03.04"]
[Round "2.220"]
[White "Mitrovic, Stefan"]
[Black "Nadj Hedjesi, Balind"]
[Result "0-1"]
[WhiteElo "1859"]
[BlackElo "2223"]
[EventDate "2023.03.03"]
[PlyCount "64"]

1.d4 Nf6 2.Nf3 e6 3.c4 b6 4.g3 Bb4+ 5.Bd2 c5 6.Bg2 Bb7 7.O-O O-O 8.a3 Bxd2
9.Qxd2 Nc6 10.e3 Na5 11.Qc2 Be4 12.Qc3 cxd4 13.exd4 Rc8 14.b3 d5 15.c5 
bxc5 16.dxc5 d4 17.Qb2 Bxf3 18.Bxf3 Rxc5 19.Rd1 e5 20.b4 Nc4 21.Qe2 Rc7 
22.Nc3 Ne3 23.fxe3 Rxc3 24.exd4 exd4 25.Rd3 Re8 26.Qd2 Rxd3 27.Qxd3 Re3 
28.Qf5 g6 29.Qf4 Nd5 30.Bxd5 Qxd5 31.Rc1 Re2 32.Qf1 Qe4 0-1

[Event "23rd EUR-ch"]
[Site "Vrnjacka Banja SRB"]
[Date "2023.03.04"]
[Round "2.221"]
[White "Rabrenovic, Vladan"]
[Black "Dimitrijevic, Andjela"]
[Result "1-0"]
[WhiteElo "2223"]
[BlackElo "1863"]
[EventDate "2023.03.03"]
[PlyCount "67"]

1.d4 d5 2.Bf4 Nf6 3.e3 Bg4 4.f3 Bf5 5.g4 Bg6 6.c4 e6 7.Nc3 c6 8.Qb3 Qc8 9.
Rc1 Nbd7 10.h4 dxc4 11.Bxc4 h6 12.Nge2 Be7 13.h5 Bh7 14.e4 Nb6 15.Bd3 O-O 
16.Bb1 Qd7 17.g5 hxg5 18.Bxg5 Ne8 19.Bxe7 Qxe7 20.h6 Rd8 21.hxg7 Nxg7 22.
e5 Bxb1 23.Rxb1 f5 24.Kf2 Kf7 25.Rbg1 Rh8 26.a4 Rxh1 27.Rxh1 Nd5 28.Nxd5 
Rxd5 29.Qe3 c5 30.Rh7 cxd4 31.Qh6 Kg8 32.Rh8+ Kf7 33.Nf4 Qc5 34.Qf6# 1-0

[Event "23rd EUR-ch"]
[Site "Vrnjacka Banja SRB"]
[Date "2023.03.04"]
[Round "2.222"]
[White "Popovic, Igor"]
[Black "Shatil, Shir"]
[Result "0-1"]
[WhiteElo "1831"]
[BlackElo "2222"]
[EventDate "2023.03.03"]
[PlyCount "94"]

1.e4 c6 2.d4 d5 3.e5 c5 4.c3 Nc6 5.Be2 Bf5 6.Nf3 e6 7.a3 f6 8.Bf4 Qb6 9.b4
cxd4 10.cxd4 fxe5 11.Bxe5 Nf6 12.Nc3 Nd7 13.Na4 Qd8 14.O-O Ndxe5 15.Nxe5 
Nxe5 16.dxe5 Be7 17.Bh5+ g6 18.Be2 h5 19.Rc1 Kf7 20.Bd3 Qd7 21.Nc5 Bxc5 
22.Bxf5 gxf5 23.Rxc5 b6 24.Rc1 h4 25.Qd2 Kg6 26.Rc3 Rac8 27.Rfc1 d4 28.h3 
Rxc3 29.Rxc3 Rd8 30.Rd3 Qd5 31.g3 Qxe5 32.gxh4 f4 33.Qd1 Qh5 34.Qc2 Qf5 
35.Qd2 e5 36.Rf3 Kf6 37.Kh2 Qb1 38.Rxf4+ exf4 39.Qxf4+ Qf5 40.Qh6+ Qg6 41.
Qf4+ Ke7 42.Qc7+ Rd7 43.Qe5+ Qe6 44.Qg7+ Kd8 45.Qf8+ Kc7 46.Qa8 Qe5+ 47.
Kg1 Qe1+ 0-1

[Event "23rd EUR-ch"]
[Site "Vrnjacka Banja SRB"]
[Date "2023.03.04"]
[Round "2.223"]
[White "Pajcin, Lav"]
[Black "Yonal, Timur"]
[Result "1/2-1/2"]
[WhiteElo "2221"]
[BlackElo "1859"]
[EventDate "2023.03.03"]
[PlyCount "110"]

1.e4 e5 2.Nf3 Nc6 3.g3 Nf6 4.d3 Bc5 5.Bg2 O-O 6.O-O d5 7.exd5 Nxd5 8.Re1 
Re8 9.Nbd2 f6 10.c3 Be6 11.Qc2 Qd7 12.Ne4 Bf8 13.b4 a6 14.Ba3 a5 15.Nc5 
Qf7 16.b5 Bxc5 17.Bxc5 Nb8 18.d4 Nd7 19.Ba3 N5b6 20.dxe5 Nc4 21.Bc1 Ndxe5 
22.Nxe5 Nxe5 23.Bf4 Bd5 24.Bxe5 Bxg2 25.Kxg2 Qd5+ 26.Qe4 Rxe5 27.Qxd5+ 
Rxd5 28.c4 Rc5 29.Rad1 Rxc4 30.Rd7 Rc8 31.Ree7 Rg4 32.f4 f5 33.Re5 Rg6 34.
Rxf5 Rd6 35.Rff7 Rxd7 36.Rxd7 b6 37.a4 Kf8 38.Kf3 c5 39.Rb7 c4 40.Ke2 c3 
41.Kd1 Rc4 42.Kc2 Rxa4 43.Kxc3 Rb4 44.Rxb6 h5 45.Rb8+ Kf7 46.b6 Kg6 47.b7 
Rb1 48.f5+ Kh7 49.Kc2 Rb6 50.Ra8 Rxb7 51.Rxa5 Rd7 52.h4 Rd6 53.Re5 Kg8 54.
f6 g6 55.Rg5 Kf7 1/2-1/2

[Event "23rd EUR-ch"]
[Site "Vrnjacka Banja SRB"]
[Date "2023.03.04"]
[Round "2.224"]
[White "Tadic, Ana"]
[Black "Ahmad, Khagan"]
[Result "0-1"]
[WhiteElo "1817"]
[BlackElo "2220"]
[EventDate "2023.03.03"]
[PlyCount "104"]

1.Nf3 d5 2.g3 c5 3.Bg2 Nf6 4.d3 Nc6 5.Nbd2 Bg4 6.h3 Bh5 7.g4 Bg6 8.Nh4 e6 
9.Nxg6 hxg6 10.Nf3 Bd6 11.Bg5 Qb6 12.b3 Qc7 13.c4 O-O-O 14.Rc1 Rde8 15.Nd2
Nh7 16.cxd5 exd5 17.Nf3 Nxg5 18.Nxg5 Bf4 19.Rxc5 Bxg5 20.Bxd5 Be7 21.Bxc6 
Bxc5 22.Bxe8 Rxe8 23.e3 Bxe3 24.fxe3 Rxe3+ 25.Kd2 Re6 26.a4 Kb8 27.Qf3 
Qa5+ 28.Kc2 Rc6+ 29.Kb1 Qd2 30.Qd1 Qc3 31.Re1 a5 32.Re8+ Ka7 33.Re7 Rd6 
34.Re3 Rb6 35.Ka2 f5 36.gxf5 gxf5 37.Rf3 Qe5 38.Rf2 g6 39.Qd2 Qd5 40.Qd1 
Rb4 41.Ka3 Qc5 42.Rc2 Rc4+ 43.Kb2 Rxc2+ 44.Qxc2 Qxc2+ 45.Kxc2 Kb6 46.Kc3 
Kc5 47.d4+ Kd5 48.Kd3 g5 49.Ke3 b6 50.Kd3 f4 51.Kc3 Ke4 52.d5 Kxd5 0-1

[Event "23rd EUR-ch"]
[Site "Vrnjacka Banja SRB"]
[Date "2023.03.04"]
[Round "2.226"]
[White "Sgircea, Silvia-Raluca"]
[Black "Valitov, Ilshat"]
[Result "1-0"]
[WhiteElo "2214"]
[BlackElo "1854"]
[EventDate "2023.03.03"]
[PlyCount "110"]

1.Nf3 Nf6 2.c4 g6 3.Nc3 Bg7 4.e4 d6 5.d4 O-O 6.Be2 Nbd7 7.Be3 e5 8.d5 Ng4 
9.Bg5 f6 10.Bh4 a5 11.Nd2 Nh6 12.f3 Nc5 13.O-O Bd7 14.b3 Qc8 15.Bf2 b6 16.
a3 f5 17.b4 Nb7 18.Rc1 fxe4 19.Ncxe4 axb4 20.axb4 Nf5 21.c5 bxc5 22.bxc5 
Ba4 23.Qe1 Qd8 24.Bd3 Kh8 25.c6 Na5 26.Ra1 Nxc6 27.dxc6 Bxc6 28.Rc1 Bd7 
29.Nb3 Bh6 30.Rb1 Qe7 31.Qc3 c6 32.Be2 Rfc8 33.Rfd1 d5 34.Nec5 d4 35.Qe1 
Ne3 36.Nxd7 Nxd1 37.Bxd4 Qxd7 38.Bxe5+ Bg7 39.Nc5 Qa7 40.Bxg7+ Qxg7 41.
Rxd1 Re8 42.Qb4 Ra1 43.Rxa1 Qxa1+ 44.Kf2 Qe5 45.Ne4 c5 46.Qc3 Qxc3 47.Nxc3
Rb8 48.Ke3 Rb2 49.Kd3 Kg7 50.Ne4 c4+ 51.Ke3 Ra2 52.Bxc4 Ra1 53.Ke2 Rg1 54.
Kf2 Rc1 55.Bd3 Ra1 1-0

[Event "23rd EUR-ch"]
[Site "Vrnjacka Banja SRB"]
[Date "2023.03.04"]
[Round "2.227"]
[White "Mitrovic, Marjan"]
[Black "Bozic, Sasa"]
[Result "1-0"]
[WhiteElo "2208"]
[BlackElo "1839"]
[EventDate "2023.03.03"]
[PlyCount "51"]

1.d4 d5 2.c4 dxc4 3.e3 Nf6 4.Bxc4 e6 5.Nf3 Be7 6.O-O O-O 7.Nc3 b6 8.Qe2 
Bb7 9.e4 Nbd7 10.Rd1 Qc8 11.Bf4 a6 12.a4 Nh5 13.Be3 c5 14.d5 exd5 15.Nxd5 
Re8 16.e5 g6 17.Bh6 Ng7 18.Bxg7 Kxg7 19.e6 fxe6 20.Qxe6 Bf8 21.Qh3 Bxd5 
22.Bxd5 Ra7 23.Be6 Re7 24.Ne5 Qe8 25.Bxd7 Qa8 26.Nc6 1-0

[Event "23rd EUR-ch"]
[Site "Vrnjacka Banja SRB"]
[Date "2023.03.04"]
[Round "2.228"]
[White "Kanana, Ziad"]
[Black "Angun, Batu"]
[Result "1/2-1/2"]
[WhiteElo "1757"]
[BlackElo "2206"]
[EventDate "2023.03.03"]
[PlyCount "135"]

1.e4 c5 2.Nf3 d6 3.d4 cxd4 4.Nxd4 Nf6 5.Nc3 a6 6.g3 e5 7.Nde2 Be7 8.Bg2 h5
9.h3 Be6 10.Be3 Nbd7 11.a4 Nb6 12.b3 h4 13.g4 Rc8 14.Qd2 Nbd7 15.a5 Nc5 
16.Bg5 b5 17.axb6 Qxb6 18.O-O O-O 19.Rfd1 Rfd8 20.Qe3 Qb4 21.Bxf6 Bxf6 22.
Qd2 Qb7 23.Nd5 Bxd5 24.Qxd5 Qb6 25.Qd2 Ne6 26.Ra2 Rc6 27.Rda1 Qc7 28.Bf1 
Rc8 29.c4 Rb8 30.Rb2 Rcb6 31.Rab1 Nc5 32.Qc2 Ne6 33.Qd3 R8b7 34.b4 Qb8 35.
b5 Nc5 36.Qc2 axb5 37.cxb5 Rxb5 38.Rxb5 Rxb5 39.Rxb5 Qxb5 40.Nc3 Qb4 41.
Bg2 Bg5 42.Bf3 Ne6 43.Nd5 Qe1+ 44.Kg2 g6 45.Qd1 Qa5 46.Qd3 Kg7 47.Qc3 Nf4+
48.Kh2 Qa2 49.Qe1 Nd3 50.Qe2 Qxe2 51.Bxe2 Nxf2 52.Bf3 Nd3 53.Kg1 Kh6 54.
Kf1 Bf4 55.Ke2 Nc5 56.Ne7 Ne6 57.Nc8 Nd4+ 58.Kf2 Bg3+ 59.Ke3 f5 60.exf5 
gxf5 61.Nxd6 Bf4+ 62.Kf2 e4 63.Nxf5+ Nxf5 64.gxf5 exf3 65.Kxf3 Bg3 66.Kg2 
Kg5 67.f6 Kxf6 68.Kf3 1/2-1/2

[Event "23rd EUR-ch"]
[Site "Vrnjacka Banja SRB"]
[Date "2023.03.04"]
[Round "2.229"]
[White "Pirvulescu, Adrian"]
[Black "Aleksic, Milan"]
[Result "0-1"]
[WhiteElo "1738"]
[BlackElo "2202"]
[EventDate "2023.03.03"]
[PlyCount "54"]

1.e4 c5 2.Nf3 Nc6 3.d4 cxd4 4.Nxd4 Nf6 5.Nc3 d6 6.Bg5 e6 7.Qd2 a6 8.O-O-O 
h6 9.Nxc6 bxc6 10.Bf4 d5 11.Qe3 Bb4 12.h4 Qa5 13.Be5 Ng4 14.Qg3 Nxe5 15.
Qxg7 Ng6 16.h5 Bxc3 17.bxc3 Qa3+ 18.Kd2 Qf8 19.Qf6 Ne7 20.Rb1 dxe4 21.Rh3 
Rg8 22.Qf4 e5 23.Qxe4 Bxh3 24.Qxe5 Rd8+ 25.Bd3 Be6 26.Rb8 Rxb8 27.Qxb8+ 
Bc8 0-1

[Event "23rd EUR-ch"]
[Site "Vrnjacka Banja SRB"]
[Date "2023.03.04"]
[Round "2.230"]
[White "Starcevic, Ante Leon"]
[Black "Arandjelovic, Aleksandar Z."]
[Result "1-0"]
[WhiteElo "2202"]
[BlackElo "1828"]
[EventDate "2023.03.03"]
[PlyCount "61"]

1.c4 Nf6 2.Nc3 g6 3.g3 Bg7 4.Bg2 O-O 5.Nf3 d6 6.O-O Nc6 7.d3 e5 8.Rb1 a5 
9.a3 h6 10.b4 axb4 11.axb4 Be6 12.b5 Ne7 13.Bb2 Qd7 14.Re1 Bh3 15.Bh1 Rab8
16.Ra1 Ng4 17.d4 exd4 18.Nxd4 Ne5 19.Qb3 c6 20.Red1 Qg4 21.f4 c5 22.Nc2 
Nf5 23.Nd5 Nd4 24.Nxd4 cxd4 25.fxe5 dxe5 26.Ba3 e4 27.Bb2 Ra8 28.Nf4 Rxa1 
29.Bxa1 Ra8 30.Nxh3 Qxh3 31.Bg2 1-0

[Event "23rd EUR-ch"]
[Site "Vrnjacka Banja SRB"]
[Date "2023.03.04"]
[Round "2.231"]
[White "Tudor, Henry Edward"]
[Black "Sakovich, Luka"]
[Result "1-0"]
[WhiteElo "2201"]
[BlackElo "1799"]
[EventDate "2023.03.03"]
[PlyCount "93"]

1.d4 Nf6 2.c4 e6 3.Nc3 Bb4 4.Qc2 O-O 5.e4 d5 6.e5 Ne4 7.Bd3 c5 8.Nf3 cxd4 
9.Nxd4 Nd7 10.Bf4 Qh4 11.g3 Qh5 12.h4 Nec5 13.Be2 Qg6 14.Qxg6 hxg6 15.cxd5
Bxc3+ 16.bxc3 exd5 17.h5 Re8 18.Nb5 Ne6 19.hxg6 fxg6 20.Bf3 Nb6 21.O-O-O 
Nxf4 22.Nc7 Bf5 23.Nxa8 Rxa8 24.gxf4 Rc8 25.Kd2 Kf7 26.Rc1 Ke6 27.Rhd1 Rc4
28.Ke3 Ra4 29.Be2 Re4+ 30.Kf3 g5 31.Re1 Rxf4+ 32.Kg3 Kxe5 33.Bg4+ Kd6 34.
Bxf5 Rxf5 35.Re8 Rf7 36.Rce1 Na4 37.R1e3 Nc5 38.f3 a6 39.Kg4 Kd7 40.R8e5 
Kd6 41.Rxg5 Nd7 42.Rf5 Nf6+ 43.Kg5 Rc7 44.Kg6 b5 45.Rfe5 Ne4 46.Re8 Rxc3 
47.R8xe4 1-0

[Event "23rd EUR-ch"]
[Site "Vrnjacka Banja SRB"]
[Date "2023.03.04"]
[Round "2.232"]
[White "Ozdemir, Serhan Berat"]
[Black "Kovac, Mihael"]
[Result "1-0"]
[WhiteElo "2200"]
[BlackElo "1784"]
[EventDate "2023.03.03"]
[PlyCount "87"]

1.e4 c5 2.Nf3 e6 3.c3 d5 4.exd5 exd5 5.d4 Nc6 6.Bb5 Nf6 7.O-O Bd6 8.dxc5 
Bxc5 9.Bg5 Be6 10.Nbd2 O-O 11.Nb3 Bb6 12.Nbd4 Bd7 13.Bxc6 Bxc6 14.Ne5 Qd6 
15.Bxf6 Bxd4 16.Qxd4 Qxf6 17.Rfe1 Rfe8 18.Re3 Re6 19.Rae1 Rae8 20.Qxa7 Qf4
21.Nxc6 bxc6 22.Rxe6 fxe6 23.Qd7 Kf8 24.Re3 Re7 25.Qc8+ Re8 26.Qxc6 Qb8 
27.Qd7 Qd8 28.Qxd8 Rxd8 29.Rxe6 Rb8 30.Re2 Ra8 31.a3 Rc8 32.f3 Kf7 33.Kf2 
Rc4 34.Ke1 Rh4 35.g3 Rh6 36.Kd2 g5 37.a4 Rf6 38.Ke3 Rb6 39.a5 Rb5 40.b4 
Ke7 41.Kd4+ Kd7 42.Re5 Kc6 43.Re6+ Kc7 44.Rb6 1-0

[Event "23rd EUR-ch"]
[Site "Vrnjacka Banja SRB"]
[Date "2023.03.04"]
[Round "2.233"]
[White "Perkampus, Laurin"]
[Black "Orlovic, Isa"]
[Result "1-0"]
[WhiteElo "2189"]
[BlackElo "1752"]
[EventDate "2023.03.03"]
[PlyCount "25"]

1.d4 Nf6 2.c4 e6 3.Nc3 Bb4 4.Qc2 Nc6 5.Nf3 O-O 6.Bd2 d5 7.e3 Re8 8.a3 Bf8 
9.h3 e5 10.cxd5 Nxd5 11.Nxd5 Qxd5 12.Bc4 Qd6 13.Ng5 1-0

[Event "23rd EUR-ch"]
[Site "Vrnjacka Banja SRB"]
[Date "2023.03.04"]
[Round "2.234"]
[White "Petrekanovic, Miroslav"]
[Black "Tabakovski, Dino"]
[Result "1-0"]
[WhiteElo "2179"]
[BlackElo "1692"]
[EventDate "2023.03.03"]
[PlyCount "73"]

1.d4 g6 2.h4 Bg7 3.h5 d6 4.h6 Bf6 5.Nf3 Nd7 6.e4 e5 7.c3 exd4 8.cxd4 Ne7 
9.Bf4 Nc6 10.Qd2 O-O 11.Nc3 a6 12.O-O-O b5 13.e5 dxe5 14.dxe5 Bh8 15.Qd5 
Ndb8 16.Qxd8 Rxd8 17.Rxd8+ Nxd8 18.Nd5 Ne6 19.Bg5 Nd7 20.Bd3 Nxg5 21.Nxg5 
Nc5 22.Be2 Bxe5 23.f4 Bd6 24.Nf6+ Kf8 25.Ngxh7+ Ke7 26.Nd5+ Ke6 27.Nf8+ 
Kxd5 28.Rd1+ Ke4 29.Bf3+ Kf5 30.h7 Bb7 31.h8=Q Rxf8 32.g4+ Kxf4 33.Qf6+ 
Kg3 34.Rg1+ Kf2 35.Rg2+ Ke1 36.Qc3+ Kf1 37.Bxb7 1-0